Score 0/10 Timer 01:00
3 Plays Today
letter sequence box % Correct
L M S V T ALMSVTA
98.2%
R K A L O G RKALOG
97.2%
Q V I E H M QVIEHM
96.3%
T R H S X E TRHSXE
95.5%
U G B T S N UGBTSN
93.8%
Z E K V B C ZEKVBC
91.7%
A O P F D W AOPFDW
88.7%
H R Y J Z O HRYJZO
81.8%
Y Q I W U N YQIWUN
68.2%
P J C K L X PJCKLX
45.6%
Remove Ads.
Support Sporcle.
Get the best of Sporcle when you Go Orange. This ad-free experience offers more features, more stats, and more fun while also helping to support Sporcle. Thank you for becoming a member.

You're not logged in!

Compare scores with friends on all Sporcle quizzes.
OR
Log In

Show Comments

Extras

Top Quizzes Today


Score Distribution

Your Account Isn't Verified!

In order to create a playlist on Sporcle, you need to verify the email address you used during registration. Go to your Sporcle Settings to finish the process.

Report this User

Report this user for behavior that violates our Community Guidelines.

Details: